000
00329pab a2200145 454500
008
180718b2005 xxu||||| |||| 00| 0 eng d
100
_a
Singh, Amod Kumar
245
_a
Criminal psychological profiling
260
_c
2005
300
_a
p.14-17.
362
_a
May
650
_a
Crime
773
_a
CBI Bulletin
909
_a
66428
999
_c
66428
_d
66428